000 00295nam a2200121Ia 4500
005 20251222153601.0
008 251222s9999||||xx |||||||||||||| ||spa||
082 _a307.140.985/C76
245 0 _aGestión Popular del Hábitat:
250 _a1ra.ed.
264 _bComisión Hábitat
942 _cLIB
999 _c31246
_d31246